000
00276nam a22001217a 4500
008
181106b xxu||||| |||| 00| 0 eng d
041
_a
eng
080
_2
4 th
_a
370
100
_a
49
101
_a
EDU
245
_a
Your Guide To Colege Success
_c
John.s
942
_2
udc
_c
BK
999
_c
52017
_d
52017